Statistics for D&D races

Click here to take the quiz!

General Stats

  • This quiz has been taken 46 times
  • The average score is 22 of 60

Answer Stats

Answer% Correct
Elf
100%
Human
100%
Half-Elf
93%
Halfling
93%
Half-Orc
93%
Dwarf
87%
Orc
87%
Goblin
80%
Gnome
73%
Tiefling
73%
Dragonborn
67%
Hobgoblin
60%
Warforged
60%
Centaur
53%
Minotaur
53%
Aasimar
47%
Kobold
47%
Aarakocra
40%
Bugbear
40%
Goliath
40%
Triton
40%
Fairy
33%
Gith
33%
Grung
33%
Changeling
27%
Gnoll
27%
Hexblood
27%
Leonin
27%
Tortle
27%
Yuan-Ti
27%
Zombie
27%
Bullywug
20%
Firbolg
20%
Genasi
20%
Giff
20%
Harengon
20%
Kalashtar
20%
Kenku
20%
Lizardfolk
20%
Loxodon
20%
Owlin
20%
Reborn
20%
Satyr
20%
Shifter
20%
Skeleton
20%
Tabaxi
20%
Vedalken
20%
Verdan
20%
Dhampir
13%
Duergar
13%
Hadozee
13%
Locathah
13%
Merfolk
13%
Simic Hybrid
13%
Troglodyte
13%
Grimlock
7%
Kuo-Toa
7%
Plasmoid
7%
Shadar-Kai
0%
Thri-Kreen
0%

Score Distribution

Percentile by Number Answered

Percent of People with Each Score

Your Score History

You have not taken this quiz